|
|
|
|
| LEADER |
02665nam a2200469 4500 |
| 001 |
978-3-030-19753-7 |
| 003 |
DE-He213 |
| 005 |
20191024221223.0 |
| 007 |
cr nn 008mamaa |
| 008 |
190626s2019 gw | s |||| 0|eng d |
| 020 |
|
|
|a 9783030197537
|9 978-3-030-19753-7
|
| 024 |
7 |
|
|a 10.1007/978-3-030-19753-7
|2 doi
|
| 040 |
|
|
|d GrThAP
|
| 050 |
|
4 |
|a PN171.4-239
|
| 072 |
|
7 |
|a CBV
|2 bicssc
|
| 072 |
|
7 |
|a LAN005000
|2 bisacsh
|
| 072 |
|
7 |
|a CBV
|2 thema
|
| 082 |
0 |
4 |
|a 808.02
|2 23
|
| 100 |
1 |
|
|a Živković, Zoran.
|e author.
|4 aut
|4 http://id.loc.gov/vocabulary/relators/aut
|
| 245 |
1 |
4 |
|a The Clay Writer
|h [electronic resource] :
|b Shaping in Creative Writing /
|c by Zoran Živković.
|
| 250 |
|
|
|a 1st ed. 2019.
|
| 264 |
|
1 |
|a Cham :
|b Springer International Publishing :
|b Imprint: Springer,
|c 2019.
|
| 300 |
|
|
|a XII, 136 p. 3 illus., 2 illus. in color.
|b online resource.
|
| 336 |
|
|
|a text
|b txt
|2 rdacontent
|
| 337 |
|
|
|a computer
|b c
|2 rdamedia
|
| 338 |
|
|
|a online resource
|b cr
|2 rdacarrier
|
| 347 |
|
|
|a text file
|b PDF
|2 rda
|
| 505 |
0 |
|
|a Part I Essays -- The Clay Writer -- Annotations 1 -- Part II Fiction -- The Telephone -- Sherlock Holmes' Last Case: The Letter.-Fingernails -- Lost Illusions -- The First Loop -- Infernal Library -- Annotations 2.
|
| 520 |
|
|
|a This concise book by the well-known Serbian writer and literary researcher summarizes his decade-long experience of teaching creative writing at the Faculty of Philology, University of Belgrade. Always offering attendees four good reasons for not attending his course, or, in a broader perspective, discouraging them from professional writing altogether, the author reflects ultimately on what it really takes to become a writer of literary fiction. This essay, which makes up the first part of this work, is complemented by a selection of witty short stories, forming the second part, and which have been used as templates in the teaching context.
|
| 650 |
|
0 |
|a Creative writing.
|
| 650 |
|
0 |
|a Literature.
|
| 650 |
|
0 |
|a Fiction.
|
| 650 |
1 |
4 |
|a Creative Writing.
|0 http://scigraph.springernature.com/things/product-market-codes/826000
|
| 650 |
2 |
4 |
|a Popular Science in Literature.
|0 http://scigraph.springernature.com/things/product-market-codes/Q39000
|
| 650 |
2 |
4 |
|a Fiction.
|0 http://scigraph.springernature.com/things/product-market-codes/825000
|
| 710 |
2 |
|
|a SpringerLink (Online service)
|
| 773 |
0 |
|
|t Springer eBooks
|
| 776 |
0 |
8 |
|i Printed edition:
|z 9783030197520
|
| 776 |
0 |
8 |
|i Printed edition:
|z 9783030197544
|
| 856 |
4 |
0 |
|u https://doi.org/10.1007/978-3-030-19753-7
|z Full Text via HEAL-Link
|
| 912 |
|
|
|a ZDB-2-LCM
|
| 950 |
|
|
|a Literature, Cultural and Media Studies (Springer-41173)
|